[Event "29th Czech Rapid G1 2018"]
[Site "Pardubice CZE"]
[Date "2018.07.19"]
[Round "9.10"]
[White "Zwardon, Vojtech"]
[Black "Deepan, Chakkravarthy J."]
[Result "0-1"]
[WhiteTitle "IM"]
[BlackTitle "GM"]
[WhiteElo "2424"]
[BlackElo "2519"]
[WhiteFideId "325511"]
[BlackFideId "5011132"]
[EventDate "2018.07.18"]

1. c4 Nf6 2. Nc3 e5 3. g3 g6 4. Bg2 Bg7 5. d3 O-O 6. Bg5 h6 7. Bd2 c6 8. Qc1 Kh7
9. h4 d5 10. h5 g5 11. Nf3 d4 12. Na4 e4 13. dxe4 Nxe4 14. Qc2 f5 15. g4 d3 16.
Qxd3 Qxd3 17. exd3 fxg4 18. dxe4 gxf3 19. Bf1 Nd7 20. O-O-O Ne5 21. Nc5 b6 22.
Nb3 c5 23. Bc3 Be6 24. Rd6 Rae8 25. Rg1 Re7 26. Nd2 Nf7 27. Bxg7 Kxg7 28. Rd3
Ne5 29. Rd6 Rf4 30. Rg3 g4 31. a4 Kf6 32. a5 Rd7 33. Rxd7 Bxd7 34. axb6 axb6 35.
Nb1 Rxe4 36. Kd2 Rd4+ 37. Ke3 Rd1 38. Nd2 Re1+ 39. Kf4 Bf5 40. b3 Rd1 41. Ke3
Kg5 0-1

[Event "29th Czech Rapid G1 2018"]
[Site "Pardubice CZE"]
[Date "2018.07.19"]
[Round "9.11"]
[White "Cerveny, Martin"]
[Black "Belyakov, Bogdan"]
[Result "0-1"]
[WhiteTitle "IM"]
[BlackTitle "IM"]
[WhiteElo "2359"]
[BlackElo "2489"]
[WhiteFideId "321141"]
[BlackFideId "24104795"]
[EventDate "2018.07.18"]

1. d4 Nf6 2. Nf3 g6 3. g3 Bg7 4. Bg2 O-O 5. O-O d6 6. c4 Nc6 7. Nc3 a6 8. Qd3 e5
9. d5 Nb4 10. Qd1 a5 11. h3 Bf5 12. Ne1 h5 13. e4 Bd7 14. Nd3 Nh7 15. a3 Nxd3
16. Qxd3 f5 17. exf5 gxf5 18. f4 h4 19. g4 exf4 20. gxf5 Bxf5 21. Qd1 Ng5 22.
Kh2 f3 23. Bxg5 Be5+ 24. Kg1 Qxg5 25. Qxf3 Rae8 26. Rae1 Bg6 27. Qg4 Rxf1+ 28.
Rxf1 Qxg4 29. hxg4 Bd3 30. Rc1 Kg7 31. b3 Bf4 32. Ra1 Re3 33. Kf2 Re7 34. Rh1
Be3+ 35. Kf3 Bd2 36. Bf1 Rf7+ 37. Kg2 Bxf1+ 38. Rxf1 h3+ 0-1

[Event "29th Czech Rapid G1 2018"]
[Site "Pardubice CZE"]
[Date "2018.07.19"]
[Round "9.12"]
[White "Boruchovsky, Avital"]
[Black "Biolek, Richard Jr."]
[Result "1/2-1/2"]
[WhiteTitle "GM"]
[BlackTitle "IM"]
[WhiteElo "2558"]
[BlackElo "2469"]
[WhiteFideId "2800055"]
[BlackFideId "319996"]
[EventDate "2018.07.18"]

1. e4 d5 2. exd5 Qxd5 3. Nf3 Bg4 4. Be2 Nc6 5. h3 Bh5 6. Nc3 Qd7 7. d4 O-O-O 8.
d5 Bxf3 9. Bxf3 Ne5 10. Qd4 Nxf3+ 11. gxf3 b6 12. Qc4 Kb8 13. Be3 e5 14. a4 a5
15. O-O-O Bd6 16. Nb5 f5 17. Rd3 f4 18. Bd2 Ne7 19. Rd1 Nc8 20. Rb3 Ka8 21. Bxa5
bxa5 22. Nd4 Na7 23. Nc6 Rb8 24. Qa6 Bc5 25. Rdd3 Qxh3 26. Nxb8 Rxb8 27. Rxb8+
Kxb8 28. Rb3+ Bb6 29. d6 Qe6 30. Rxb6+ cxb6 31. Qxb6+ Ka8 32. Qc7 Qd5 33. d7 Nc6
34. Qxc6+ Qxc6 35. d8=Q+ Kb7 36. Qxa5 Qxf3 37. Qb5+ Ka7 38. Qc5+ Ka6 39. a5 Qh1+
40. Kd2 Qb7 41. Qxe5 Qb4+ 42. Kd3 Qxa5 43. Qxf4 Qd5+ 44. Kc3 h5 45. b4 g5 46.
Qc7 Qf3+ 47. Kb2 Qxf2 48. Qa5+ Kb7 49. Qxg5 h4 50. Qe7+ Kb8 51. Qd8+ Kb7 52.
Qd7+ Kb6 53. Qd8+ Kb7 54. b5 Qe1 55. Qd7+ Kb8 56. Qd6+ Kb7 57. Qc6+ Kb8 58. Qb6+
Ka8 59. Qc5 h3 60. b6 Kb7 61. Qc7+ Ka6 62. Qa7+ Kb5 63. b7 Qb4+ 64. Ka2 Qc4+ 65.
Kb1 Qb4+ 66. Ka2 Qc4+ 67. Ka1 Qc3+ 68. Kb1 1/2-1/2

[Event "29th Czech Rapid G1 2018"]
[Site "Pardubice CZE"]
[Date "2018.07.19"]
[Round "9.13"]
[White "Dolezal, Radoslav1"]
[Black "Lalic, Bogdan"]
[Result "1/2-1/2"]
[WhiteTitle "IM"]
[BlackTitle "GM"]
[WhiteElo "2368"]
[BlackElo "2394"]
[WhiteFideId "304735"]
[BlackFideId "409081"]
[EventDate "2018.07.18"]

1. e4 c5 2. Nf3 Nc6 3. Bb5 Nf6 4. Bxc6 dxc6 5. Nc3 Bg4 6. h3 Bh5 7. d3 Nd7 8.
Be3 e5 9. g4 Bg6 10. Qd2 Be7 11. O-O-O Qc7 12. Ng1 h5 13. Nge2 h4 14. f4 f6 15.
f5 Bf7 16. g5 Bh5 17. gxf6 gxf6 18. Rdg1 O-O-O 19. Qe1 b5 20. Kb1 Nb6 21. Rg7
Rd7 22. Nc1 c4 23. Bxb6 axb6 24. Qxh4 Qd8 25. Qg3 cxd3 26. Nxd3 b4 27. Nd1 Bxd1
28. Rxd1 c5 29. b3 b5 30. Rg1 c4 31. Nb2 c3 32. Nd3 Qb6 33. Rh1 Rhd8 34. h4 Qa5
35. Qe3 Qa3 36. Qc1 Qa8 37. Qe3 Qa3 38. Qc1 Qa8 39. Qe3 1/2-1/2

[Event "29th Czech Rapid G1 2018"]
[Site "Pardubice CZE"]
[Date "2018.07.19"]
[Round "9.14"]
[White "Mozharov, Mikhail"]
[Black "Grekh, Andrey"]
[Result "1/2-1/2"]
[WhiteTitle "GM"]
[BlackTitle "IM"]
[WhiteElo "2542"]
[BlackElo "2400"]
[WhiteFideId "4189825"]
[BlackFideId "14112418"]
[EventDate "2018.07.18"]

1. d4 Nf6 2. c4 e6 3. Nf3 d5 4. g3 Be7 5. Bg2 O-O 6. O-O dxc4 7. Qc2 a6 8. a4
Bd7 9. Rd1 Bc6 10. Bg5 b5 11. Nc3 Nbd7 12. e4 b4 13. d5 exd5 14. Nxd5 Nxd5 15.
exd5 Bb7 16. Bxe7 Qxe7 17. Qxc4 Nb6 18. d6 Qxd6 19. Rxd6 Nxc4 20. Rd4 Nxb2 21.
Rxb4 Bxf3 22. Bxf3 Rab8 23. Rxb8 Rxb8 24. Rc1 Nxa4 1/2-1/2

[Event "29th Czech Rapid G1 2018"]
[Site "Pardubice CZE"]
[Date "2018.07.19"]
[Round "9.15"]
[White "Zilka, Stepan"]
[Black "Zaitsev, Alexander"]
[Result "1/2-1/2"]
[WhiteTitle "GM"]
[BlackTitle "GM"]
[WhiteElo "2517"]
[BlackElo "2499"]
[WhiteFideId "315303"]
[BlackFideId "4164490"]
[EventDate "2018.07.18"]

1. d4 Nf6 2. c4 e6 3. Nf3 b6 4. g3 Bb4+ 5. Bd2 Be7 6. Nc3 Bb7 7. Bg2 c6 8. e4 d5
9. Qe2 dxc4 10. Qxc4 O-O 11. e5 Nd5 12. Ne4 Ba6 13. Qa4 Qd7 14. Bf1 Bxf1 15.
Kxf1 c5 16. Qxd7 Nxd7 17. dxc5 Nxc5 18. Nxc5 Bxc5 19. Ke2 f6 20. Be3 Nxe3 21.
fxe3 Kf7 22. Rac1 Kg6 23. Rc4 a5 24. Rg4+ Kf7 25. Rh4 Kg8 26. exf6 gxf6 27. Rd1
Rad8 28. Rxd8 Rxd8 29. Nd4 Bxd4 30. exd4 Rd5 31. Kd3 Kg7 32. a4 b5 33. b3 h5 34.
Kc3 Kg6 35. Re4 Kf7 36. Re2 Rf5 37. axb5 Rxb5 38. Kc4 Rb4+ 39. Kc3 Rb5 40. Re3
Rb4 41. Re2 Rb5 42. Re3 1/2-1/2

[Event "29th Czech Rapid G1 2018"]
[Site "Pardubice CZE"]
[Date "2018.07.19"]
[Round "9.16"]
[White "Zakhartsov, Viacheslav V."]
[Black "Chekletsov, Ilya"]
[Result "1-0"]
[WhiteTitle "GM"]
[BlackTitle "IM"]
[WhiteElo "2539"]
[BlackElo "2395"]
[WhiteFideId "4115333"]
[BlackFideId "24177156"]
[EventDate "2018.07.18"]

1. d4 Nf6 2. c4 e6 3. Nc3 Bb4 4. e3 O-O 5. Ne2 Re8 6. a3 Bf8 7. Ng3 d6 8. Be2 g6
9. O-O Bg7 10. e4 Nbd7 11. Bg5 h6 12. Be3 e5 13. d5 a5 14. b4 b6 15. Qd2 Kh7 16.
f3 Rf8 17. Bd3 Qe7 18. Qc2 Bb7 19. Na4 axb4 20. axb4 Rfb8 21. Rfc1 Bf8 22. Nc3
Qd8 23. Nb5 Ne8 24. Ne2 Rxa1 25. Rxa1 Ra8 26. Qb2 Be7 27. Na7 Ng7 28. Nc3 f5 29.
Kh1 f4 30. Bg1 g5 31. Ra3 Qb8 32. Qa1 Nf6 33. Nc6 Bxc6 34. dxc6 Rxa3 35. Qxa3
Ne6 36. Nd5 Bd8 37. Qa6 Nd4 38. Bxd4 1-0

[Event "29th Czech Rapid G1 2018"]
[Site "Pardubice CZE"]
[Date "2018.07.19"]
[Round "9.17"]
[White "Meleshko, Vladimir"]
[Black "Manik, Mikulas"]
[Result "1-0"]
[WhiteTitle "FM"]
[BlackTitle "GM"]
[WhiteElo "2268"]
[BlackElo "2400"]
[WhiteFideId "14111055"]
[BlackFideId "14900734"]
[EventDate "2018.07.18"]

1. e4 c5 2. Nf3 d6 3. Bb5+ Nd7 4. d4 cxd4 5. Qxd4 a6 6. Bxd7+ Bxd7 7. c4 Rc8 8.
Bg5 h6 9. Bh4 Qc7 10. Nbd2 e5 11. Qd3 Be7 12. Bxe7 Nxe7 13. O-O Ng6 14. g3 O-O
15. Rac1 f5 16. Rfd1 Kh7 17. Ne1 f4 18. Nb3 Rf6 19. c5 Bb5 20. cxd6 Qxc1 21.
Rxc1 Rxc1 22. Qd2 Rb1 23. Nc1 Nf8 24. b3 Nd7 25. f3 Nf8 26. gxf4 Ng6 27. fxe5
Nxe5 28. Qc2 Rxc1 29. Qxc1 Rxd6 30. f4 Rg6+ 31. Kf2 Ng4+ 32. Kg3 Nf6+ 33. Kf3
Bc6 34. Nd3 Bxe4+ 35. Ke3 Rg2 36. Nf2 Bc6 37. Qb1+ Kh8 38. Qf5 Bd7 39. Qa5 Kh7
40. h4 Bc6 41. Qf5+ Kg8 42. Qc8+ Kf7 43. Nd3 Nd5+ 44. Kd4 Rd2 45. Kc5 Ke7 46.
Ne5 b6+ 47. Kxc6 Rc2+ 48. Nc4 1-0

[Event "29th Czech Rapid G1 2018"]
[Site "Pardubice CZE"]
[Date "2018.07.19"]
[Round "9.18"]
[White "Kobo, Ori"]
[Black "Claridge-Hansen, William"]
[Result "1-0"]
[WhiteTitle "GM"]
[BlackTitle "FM"]
[WhiteElo "2508"]
[BlackElo "2291"]
[WhiteFideId "2812320"]
[BlackFideId "422509"]
[EventDate "2018.07.18"]

1. e4 c5 2. Nf3 g6 3. d4 cxd4 4. Nxd4 Bg7 5. c4 Nc6 6. Be3 Nf6 7. Nc3 O-O 8. Be2
d6 9. O-O Bd7 10. h3 Nxd4 11. Bxd4 Bc6 12. Qc2 Rc8 13. Rad1 Nd7 14. Bxg7 Kxg7
15. b4 b5 16. cxb5 Ba8 17. Qd2 Nf6 18. Bf3 Qb6 19. a4 Rc4 20. Nd5 Bxd5 21. exd5
Rfc8 22. Rfe1 Rc2 23. Qe3 Qxe3 24. Rxe3 Kf8 25. Rb3 Ra2 26. a5 Rb8 27. Rc1 Rxb5
28. Rc8+ Kg7 29. Rc7 a6 30. Rxe7 Raxa5 31. bxa5 Rxb3 32. Ra7 g5 33. Rxa6 h5 34.
Rxd6 g4 35. hxg4 hxg4 36. Be2 Rb2 37. Bd3 Rd2 38. Bf5 g3 39. fxg3 Ra2 40. a6 Ra5
41. Kf2 Nxd5 42. Bd3 Ra2+ 43. Kf3 Nb4 44. Bc4 Ra3+ 45. Kg4 Nc2 46. Bd3 Ne3+ 47.
Kh3 Ra5 48. Be2 Ra1 49. g4 Ra2 50. Bf3 Ra3 51. Kh2 Ra4 52. Kg3 Nc2 53. Bb7 Nd4
54. Rxd4 Rxd4 55. a7 1-0

[Event "29th Czech Rapid G1 2018"]
[Site "Pardubice CZE"]
[Date "2018.07.19"]
[Round "9.19"]
[White "Zpevak, Pavel"]
[Black "Vusatiuk, Vladimir"]
[Result "1-0"]
[WhiteTitle "IM"]
[BlackTitle "IM"]
[WhiteElo "2330"]
[BlackElo "2321"]
[WhiteFideId "300586"]
[BlackFideId "14118610"]
[EventDate "2018.07.18"]

1. d4 d5 2. Nf3 Nf6 3. c4 e6 4. Nc3 Be7 5. Bg5 O-O 6. e3 Nbd7 7. Qc2 c6 8. Rd1
h6 9. Bh4 b6 10. cxd5 exd5 11. Be2 Bb7 12. O-O Re8 13. Ne5 Nxe5 14. dxe5 Nd7 15.
Bg3 Bh4 16. Bxh4 Qxh4 17. f4 Nc5 18. b4 Ne6 19. b5 cxb5 20. Nxb5 Rec8 21. Qb2
Rc5 22. Nd6 Bc6 23. f5 Ng5 24. Rf4 Nh3+ 25. gxh3 Qxh3 26. Qd4 Ra5 27. Rh4 1-0

[Event "29th Czech Rapid G1 2018"]
[Site "Pardubice CZE"]
[Date "2018.07.19"]
[Round "9.20"]
[White "Sadhwani, Raunak"]
[Black "Matviishen, Viktor"]
[Result "1-0"]
[WhiteTitle "FM"]
[BlackTitle "IM"]
[WhiteElo "2409"]
[BlackElo "2423"]
[WhiteFideId "35093487"]
[BlackFideId "14129850"]
[EventDate "2018.07.18"]

1. e4 e5 2. Nf3 Nc6 3. Bb5 a6 4. Ba4 Nf6 5. O-O b5 6. Bb3 Be7 7. Re1 d6 8. c3
O-O 9. h3 Na5 10. Bc2 c5 11. d4 Nd7 12. Nbd2 exd4 13. cxd4 Re8 14. Nf1 Bf6 15.
Ng3 cxd4 16. Nxd4 g6 17. b3 Bb7 18. Bb2 Qb6 19. Qd2 Rac8 20. Rad1 Nc6 21. Bb1
Nce5 22. Nde2 Nc5 23. Bd4 Qc7 24. Qb2 Ne6 25. Qd2 Nxd4 26. Nxd4 Qb6 27. Kh2 Nd7
28. f4 Bg7 29. Re2 Nc5 30. Nf3 Rcd8 31. Qe1 b4 32. Qf2 Qc7 33. Kh1 a5 34. Nd4 a4
35. Re3 axb3 36. axb3 Qb6 37. Re2 Ra8 38. f5 Be5 39. Nf3 Bxg3 40. Qxg3 Nxe4 41.
Bxe4 Bxe4 42. f6 d5 43. Qf4 Bxf3 44. Rxe8+ Rxe8 45. Qxf3 d4 46. Qf4 Rd8 47. Rf1
Qd6 48. Qh6 Qf8 49. Qd2 h6 50. h4 Rd5 51. Rc1 Kh7 52. Rc7 h5 53. Qd3 Qe8 54. Re7
Qf8 55. Qc4 Qa8 56. Rxf7+ Kh8 57. Rh7+ 1-0

[Event "29th Czech Rapid G1 2018"]
[Site "Pardubice CZE"]
[Date "2018.07.19"]
[Round "9.21"]
[White "Kathmale, Sameer"]
[Black "Skliarov, Viktor"]
[Result "1-0"]
[WhiteTitle "IM"]
[BlackTitle "IM"]
[WhiteElo "2323"]
[BlackElo "2357"]
[WhiteFideId "5024498"]
[BlackFideId "14106736"]
[EventDate "2018.07.18"]

1. e4 c5 2. c3 d6 3. d4 Nf6 4. Bd3 g6 5. f3 Bg7 6. Be3 Nc6 7. Qd2 O-O 8. Ne2
cxd4 9. cxd4 e5 10. d5 Ne7 11. Nbc3 Nh5 12. g4 Nf4 13. Nxf4 exf4 14. Bxf4 f5 15.
gxf5 gxf5 16. O-O-O Ng6 17. Bh6 Qh4 18. Bxg7 Kxg7 19. Nb5 fxe4 20. Bxe4 Rf6 21.
Nc7 Rb8 22. Ne8+ Kg8 23. Nxf6+ Qxf6 24. Qc3 Qf4+ 25. Kb1 Bf5 26. Bxf5 Qxf5+ 27.
Qd3 Qf6 28. Rhg1 Rf8 29. Rc1 Rf7 30. Rc8+ Kg7 31. Qc3 Qxc3 32. Rxc3 Kf6 33. Re3
Nf4 34. Re4 Kf5 35. h4 h6 36. a3 Rc7 37. Rd1 Rc5 38. Re7 Ng2 39. Re6 Nxh4 40.
Rxh6 Nxf3 41. Rxd6 Ne5 42. Rd8 1-0

[Event "29th Czech Rapid G1 2018"]
[Site "Pardubice CZE"]
[Date "2018.07.19"]
[Round "9.22"]
[White "Burdalev, Kirill"]
[Black "Annenkov, Kirill"]
[Result "1-0"]
[WhiteTitle "FM"]
[BlackTitle "FM"]
[WhiteElo "2377"]
[BlackElo "2214"]
[WhiteFideId "14121913"]
[BlackFideId "4129733"]
[EventDate "2018.07.18"]

1. d4 d5 2. Bf4 c5 3. e3 Nc6 4. c3 Nf6 5. Nd2 cxd4 6. exd4 Bg4 7. Qb3 Na5 8.
Qa4+ Bd7 9. Qc2 Rc8 10. Ngf3 e6 11. Bd3 Be7 12. O-O b5 13. a3 Nc4 14. h3 O-O 15.
Ne5 h6 16. Rfe1 Be8 17. Ndf3 Nd7 18. Qe2 Bf6 19. Rad1 Ndxe5 20. dxe5 Be7 21. Bb1
f5 22. exf6 Rxf6 23. Be5 Nxe5 24. Nxe5 Bc5 25. Ng4 Rf8 26. Qd3 g6 27. Rxe6 Qg5
28. Re5 Qf4 29. Rxe8 Rfxe8 30. Qxg6+ Kf8 31. Bf5 1-0

[Event "29th Czech Rapid G1 2018"]
[Site "Pardubice CZE"]
[Date "2018.07.19"]
[Round "9.23"]
[White "Domogaev, Sergey"]
[Black "Zhuravlev, Stepan"]
[Result "1/2-1/2"]
[WhiteTitle "GM"]
[WhiteElo "2414"]
[BlackElo "2121"]
[WhiteFideId "24103608"]
[BlackFideId "34120197"]
[EventDate "2018.07.18"]

1. d4 d5 2. c4 e6 3. Nc3 Nf6 4. Nf3 Nbd7 5. cxd5 exd5 6. Bf4 c6 7. e3 Be7 8. h3
O-O 9. Bd3 Re8 10. Qc2 Nf8 11. O-O Ng6 12. Bh2 Bd6 13. Bxd6 Qxd6 14. Rab1 Nd7
15. b4 b5 16. a4 a6 17. e4 Nb6 18. e5 Qd8 19. a5 Nc4 20. Rbe1 Qe7 21. Na2 Ra7
22. Kh2 Rc7 23. Ng1 Qh4 24. f4 Qh6 25. g3 Nf8 26. Qf2 f5 27. Nf3 g6 28. Nc1 Ne6
29. Nb3 Qg7 30. Rg1 Kf7 31. Be2 Ke7 32. Nc1 Kd8 33. Nd3 h5 34. Rc1 Rf7 35. Rg2
Kc7 36. Rh1 Rh8 37. Kg1 Qf8 38. Kf1 Qe7 39. Ke1 Rff8 40. Kd1 Rf7 41. Kc2 Na3+
42. Kb3 Nc4 43. Rhg1 Rhf8 44. Bd1 Kb8 45. Bc2 Bd7 46. Rf1 Bc8 47. Kc3 Bd7 48.
Bb3 Bc8 49. Ng1 Bd7 50. Ne2 Bc8 51. Rfg1 Ng7 52. Re1 Ne6 53. Qg1 Ng7 54. Qf2 Ne6
55. Qf3 Qd8 56. Ra1 Qe7 57. Ne1 Qd8 58. Nc2 Qe7 59. Ne3 Bd7 60. Bc2 Ka7 61. Rgg1
Kb8 62. Bd3 Ka7 63. Nc2 Kb8 64. Nc1 Ka7 65. Nb3 Bc8 66. Raf1 Qd8 67. Nc5 Qe7 68.
Rd1 Qd8 69. Bxc4 bxc4 70. Na4 Nc7 71. Nb6 Nb5+ 72. Kd2 Be6 73. Qe3 Rb7 74. Na4
Qe7 75. Nc5 Rbb8 76. Rb1 Rf7 77. Ne1 Rff8 78. Nf3 Nc7 79. Ng5 Rb5 80. Rb2 Rfb8
81. Rgb1 Rh8 82. Qf2 Rd8 83. Nf3 Rh8 84. Na4 Na8 85. Ng5 Rd8 86. Kc3 Rdb8 87.
Nc5 Nc7 88. Ra1 Rh8 89. Na4 Na8 90. Kc2 Rhb8 91. Nc5 Nc7 92. Kc3 Rh8 93. Rab1
Rhb8 94. Nf3 Rh8 95. Nh4 Rg8 96. Rg1 Qf7 97. Nf3 Qe7 98. Ra1 Rgb8 99. Qc2 Rh8
100. Qf2 Rhb8 101. Rg1 Rf8 102. Ne1 Rbb8 103. Ra2 Nb5+ 104. Kd2 Nc7 105. Nc2 Rh8
106. Rb2 Nb5 107. Rbb1 Nc7 108. Ne3 Rhd8 109. Nc2 Rf8 110. Ne3 Rfd8 111. Kc1 Ka8
112. Qd2 Ka7 113. Kc2 Nb5 114. Ra1 Nc7 115. Kc1 Rb5 116. Rb1 Rf8 117. Na4 Na8
118. Nc2 Rh8 119. Qf2 Rhb8 120. Re1 Rh8 121. Nc3 Rb7 122. Kd2 Nc7 123. Rg1 Rhb8
124. Nd1 Nb5 125. Nde3 Rf8 126. Rbf1 Rbb8 127. Rd1 Rf7 128. Rdf1 Rbf8 1/2-1/2

[Event "29th Czech Rapid G1 2018"]
[Site "Pardubice CZE"]
[Date "2018.07.19"]
[Round "9.24"]
[White "Nun, Jiri"]
[Black "Mirzoeva, Elmira"]
[Result "0-1"]
[WhiteTitle "IM"]
[BlackTitle "WGM"]
[WhiteElo "2306"]
[BlackElo "2249"]
[WhiteFideId "300179"]
[BlackFideId "4127951"]
[EventDate "2018.07.18"]

1. e4 c5 2. Nf3 Nc6 3. Bb5 g6 4. Bxc6 bxc6 5. d3 Bg7 6. O-O Rb8 7. Nc3 e5 8. b3
Ne7 9. Be3 d6 10. Qd2 O-O 11. Bh6 f5 12. Bxg7 Kxg7 13. Na4 h6 14. Rfe1 g5 15.
Qc3 Ng6 16. Nd2 Nf4 17. Nxc5 Qf6 18. Na4 Bd7 19. f3 h5 20. Nf1 g4 21. fxg4 fxe4
22. dxe4 Bxg4 23. Qe3 Rb7 24. Nc3 Qg6 25. Qg3 h4 26. Qxh4 Nxg2 27. Qg3 Nxe1 28.
Rxe1 Rf3 29. Qg2 Rxc3 30. Ng3 Rf7 31. Qd2 Rff3 0-1

[Event "29th Czech Rapid G1 2018"]
[Site "Pardubice CZE"]
[Date "2018.07.19"]
[Round "9.25"]
[White "Semjonovs, Ilja"]
[Black "Turner, Jan"]
[Result "0-1"]
[WhiteElo "2219"]
[BlackElo "2348"]
[WhiteFideId "11604263"]
[BlackFideId "308560"]
[EventDate "2018.07.18"]

1. e4 Nc6 2. Nc3 Nf6 3. d4 d6 4. Nge2 g6 5. f3 Bg7 6. Be3 a6 7. Qd2 h5 8. O-O-O
b5 9. Nf4 e6 10. Qf2 b4 11. Nce2 d5 12. e5 Nd7 13. g4 hxg4 14. fxg4 Qh4 15. Ng3
Bb7 16. g5 Ne7 17. Ng2 Qh3 18. Nf4 Qh4 19. Ng2 Qh3 20. Ne1 Qh7 21. h4 Qg8 22.
Nf3 c5 23. Bg2 cxd4 24. Bxd4 Nc6 25. Rhe1 Qf8 26. Kb1 Qe7 27. Re2 Nxd4 28. Qxd4
Qc5 29. Qf4 Rf8 30. h5 gxh5 31. Nxh5 Bh8 32. Bh3 Qc4 33. Qd2 Nc5 34. b3 Qc3 35.
Nf4 Qxf3 36. Qxb4 Rc8 37. Rd3 Qh1+ 38. Re1 Nxd3 39. cxd3 Qh2 40. Re2 Qg1+ 41.
Re1 Qc5 0-1

[Event "29th Czech Rapid G1 2018"]
[Site "Pardubice CZE"]
[Date "2018.07.19"]
[Round "9.26"]
[White "Mosesov, Danylo"]
[Black "Frolov, Artur"]
[Result "0-1"]
[WhiteTitle "FM"]
[BlackTitle "IM"]
[WhiteElo "2282"]
[BlackElo "2393"]
[WhiteFideId "14149494"]
[BlackFideId "14100134"]
[EventDate "2018.07.18"]

1. d4 Nf6 2. Nf3 g6 3. g3 Bg7 4. Bg2 d5 5. O-O c6 6. Nbd2 O-O 7. c4 a5 8. cxd5
cxd5 9. Nb3 b6 10. Bf4 Nc6 11. Ne5 Bb7 12. Nc1 Nh5 13. Nxc6 Bxc6 14. Be3 Nf6 15.
h3 Rc8 16. Nd3 Nd7 17. Qd2 e6 18. Bh6 Bxh6 19. Qxh6 Bb5 20. Nf4 Qf6 21. Rfd1 g5
22. Qxf6 Nxf6 23. Nd3 Rc2 24. Bf3 Rfc8 25. Rab1 Ne4 26. Ne1 Rd2 27. Bxe4 Rxd1
28. Rxd1 dxe4 29. Rd2 Rc1 30. Kf1 Kg7 31. d5 e5 32. d6 Bd7 33. g4 h5 34. f3 exf3
35. exf3 hxg4 36. hxg4 Kf6 37. Kf2 Ke6 38. Nd3 Rc6 39. Re2 f6 40. Ke3 Rxd6 41.
Nf2 Bc6 42. Rc2 Bd5 43. b3 Rd8 44. Rc7 Ra8 45. Ne4 a4 46. Ng3 Kd6 47. Rc3 axb3
48. axb3 Ra3 49. Nh5 Ke6 50. Ng7+ Kd7 51. Nh5 Ke7 52. Rc7+ Kd6 53. Rc3 Ke6 54.
Ng7+ Kf7 55. Rc7+ Kf8 56. Nf5 Rxb3+ 57. Kd2 Rxf3 58. Rc8+ Kf7 59. Rc7+ Ke8 60.
Ra7 Kd8 61. Rh7 Be6 62. Nd6 Bxg4 63. Nb7+ Ke8 64. Nd6+ Kf8 65. Rf7+ Kg8 66. Rb7
Rf4 67. Rxb6 Kg7 68. Ne8+ Kg6 69. Ke3 Bd7 70. Nc7 Rd4 71. Na6 g4 72. Nc5 Bf5 73.
Rb8 Rc4 74. Nb3 Rc3+ 75. Kd2 Rc8 76. Rb6 g3 77. Ke3 Rc3+ 78. Kd2 Rc2+ 0-1

[Event "29th Czech Rapid G1 2018"]
[Site "Pardubice CZE"]
[Date "2018.07.19"]
[Round "9.27"]
[White "Valenta, Vit"]
[Black "Sarkar, Justin"]
[Result "0-1"]
[WhiteTitle "FM"]
[BlackTitle "IM"]
[WhiteElo "2039"]
[BlackElo "2307"]
[WhiteFideId "307440"]
[BlackFideId "2010011"]
[EventDate "2018.07.18"]

1. b4 e5 2. Bb2 d6 3. g3 Nf6 4. Bg2 g6 5. Nf3 Bg7 6. O-O O-O 7. d3 Nc6 8. b5 Ne7
9. e4 a6 10. a4 axb5 11. axb5 Rxa1 12. Bxa1 Nd7 13. c4 Nc5 14. Nc3 f5 15. Bb2 h6
16. d4 Nxe4 17. dxe5 dxe5 18. Nxe4 fxe4 19. Nd2 e3 20. fxe3 Rxf1+ 21. Bxf1 Nf5
22. Qe2 h5 23. Ne4 Nd6 24. Qd2 Bf5 25. Nxd6 Qxd6 26. Qxd6 cxd6 27. Ba3 Bf8 28.
Bg2 e4 29. Kf2 Kf7 30. Ke2 Ke6 31. Kd2 Bg7 32. Bf1 b6 33. Bb4 Be5 34. Ke2 h4 35.
Kf2 g5 36. Bg2 Bf6 37. g4 Bg6 38. h3 d5 39. Bf1 Bf7 40. c5 Be7 41. Ke2 bxc5 42.
Ba5 Kd7 43. Kd2 d4 44. Be2 d3 45. Bd1 Kc8 46. Ba4 Kb7 47. Kc3 Be6 48. Bd1 Bf6+
49. Kd2 c4 50. Bc3 Bxc3+ 51. Kxc3 Kb6 52. Kb4 Bf7 53. Ba4 Bd5 54. Kc3 Kc5 55. b6
Kxb6 56. Kd4 Ka5 57. Bd1 Kb4 58. Kxd5 c3 0-1

[Event "29th Czech Rapid G1 2018"]
[Site "Pardubice CZE"]
[Date "2018.07.19"]
[Round "9.28"]
[White "Westerinen, Heikki M.J."]
[Black "Jazdanovs, Aleksandrs"]
[Result "0-1"]
[WhiteTitle "GM"]
[WhiteElo "2310"]
[BlackElo "2205"]
[WhiteFideId "500020"]
[BlackFideId "11604492"]
[EventDate "2018.07.18"]

1. e4 c5 2. Nf3 d6 3. d4 cxd4 4. Nxd4 Nf6 5. Nc3 a6 6. a4 e5 7. Nf3 Be7 8. Bc4
Be6 9. Bd5 Bxd5 10. exd5 O-O 11. O-O Nbd7 12. a5 b5 13. axb6 Qxb6 14. b3 Qb7 15.
Bb2 Nb6 16. Ra5 Bd8 17. Qd3 Nc4 18. Ra2 Nxb2 19. Rxb2 Rc8 20. Ne4 Nxe4 21. Qxe4
f5 22. Qa4 e4 23. Ne1 Qxd5 24. Qxa6 Bf6 25. c4 Qc5 26. Rd2 Be5 27. Rd5 Qb4 28.
f4 Bc3 29. Rb5 Bd4+ 30. Kh1 Qd2 31. Qxd6 Qe2 32. Qxd4 Qxf1+ 33. Qg1 Qxf4 34. g3
Qc1 35. Ng2 Qxg1+ 36. Kxg1 Rb8 37. Ne3 Rxb5 38. cxb5 g6 39. Nc4 Rb8 40. b6 Kf7
41. Kf2 Ke6 42. Ke3 Kd5 43. Kf4 Kc5 44. g4 Rxb6 45. gxf5 Rf6 46. Ne3 Rxf5+ 47.
Kxe4 Rh5 48. Ng4 Kb4 49. Kf4 Kxb3 50. Kg3 Rf5 51. h4 Kc3 52. Ne3 Ra5 53. Ng4 Kd4
54. Nf6 Ra7 55. Kf4 Rf7 56. Kg5 Ke5 57. Ng4+ Ke6 58. Nh6 Rf8 59. h5 Rf5+ 60.
Nxf5 gxf5 61. Kf4 h6 62. Kf3 Ke5 63. Ke3 f4+ 0-1

[Event "29th Czech Rapid G1 2018"]
[Site "Pardubice CZE"]
[Date "2018.07.19"]
[Round "9.29"]
[White "Barak, Gil"]
[Black "Gomes, Mary Ann"]
[Result "0-1"]
[BlackTitle "WGM"]
[WhiteElo "1993"]
[BlackElo "2284"]
[WhiteFideId "2812690"]
[BlackFideId "5013623"]
[EventDate "2018.07.18"]

1. e4 c5 2. Nf3 d6 3. d4 cxd4 4. Nxd4 Nf6 5. Nc3 a6 6. f3 e5 7. Nb3 Be6 8. Be3
Nbd7 9. Qd2 b5 10. O-O-O Nb6 11. Kb1 Rc8 12. g4 Be7 13. g5 Nfd7 14. Nd5 Bxd5 15.
exd5 Nc4 16. Bxc4 bxc4 17. Nc1 c3 18. bxc3 Nb6 19. Bxb6 Qxb6+ 20. Nb3 a5 21. c4
Bd8 22. c5 Rxc5 23. Ka1 Rc4 24. Qd3 Rf4 25. Qc3 O-O 26. Qc6 a4 27. Nd2 Qa5 28.
Ne4 Bb6 29. Rd3 Bc5 30. Rb1 Rh4 31. Nxc5 dxc5 32. d6 c4 33. Ra3 Qd2 34. Qb6 Rd4
35. Rxa4 Rxd6 36. Qb4 c3 37. Ra3 Rc6 38. Qb5 Rcc8 39. Qb3 Qxg5 40. Ra7 Qf4 41.
Qb7 h6 42. Qd5 Rb8 43. Rab7 Rxb7 44. Qxb7 Qxh2 45. Qe4 Qd2 46. a4 Qd6 47. Ka2
Kh8 48. Rb5 Qe6+ 49. Rb3 f5 50. Qb4 Ra8 51. a5 Qd5 52. Kb1 Rxa5 53. Qb8+ Kh7 0-1